[Event "2. Magistral Ciudad de Asunción 2009"]
[Site "Asunción PAR"]
[Date "2009.07.02"]
[Round "5.3"]
[White "Brito, Luismar"]
[Black "Vera, Reinaldo"]
[Result "1/2-1/2"]
[WhiteElo "2364"]
[BlackElo "2475"]
[PlyCount "53"]
[EventDate "2009.06.28"]
[EventType "tourn"]
[EventRounds "9"]
[EventCountry "PAR"]
[EventCategory "8"]
[Source "lmi"]
[SourceDate "2009.06.28"]

1. e4 c5 2. Nf3 d6 3. d4 cxd4 4. Qxd4 Nc6 5. Bb5 Bd7 6. Bxc6 Bxc6 7. c4 f5 8.
Nc3 e5 9. Qd3 fxe4 10. Nxe4 Nf6 11. Nfd2 Be7 12. O-O O-O 13. Nxf6+ gxf6 14. b4
d5 15. b5 Be8 16. a4 Bf7 17. cxd5 Qxd5 18. Qxd5 Bxd5 19. Ba3 Bxa3 20. Rxa3 a6
21. Rd3 Rfd8 22. Rc1 axb5 23. axb5 Bf7 24. Rxd8+ Rxd8 25. Ne4 f5 26. Ng5 h6 27.
Nxf7 1/2-1/2

[Event "2. Magistral Ciudad de Asunción 2009"]
[Site "Asunción PAR"]
[Date "2009.07.02"]
[Round "5.4"]
[White "Lujan, Carolina"]
[Black "Soppe, Guillermo"]
[Result "1/2-1/2"]
[WhiteElo "2360"]
[BlackElo "2427"]
[PlyCount "31"]
[EventDate "2009.06.28"]
[EventType "tourn"]
[EventRounds "9"]
[EventCountry "PAR"]
[EventCategory "8"]
[Source "lmi"]
[SourceDate "2009.06.28"]

1. e4 c6 2. d4 d5 3. exd5 cxd5 4. c4 Nf6 5. Nc3 Nc6 6. Nf3 Be6 7. cxd5 Bxd5 8.
Be2 e6 9. O-O Be7 10. Ne5 O-O 11. Bg5 a6 12. Qd3 Qd6 13. Bf4 Qb4 14. a3 Nxe5
15. Bxe5 Qb3 16. Qg3 1/2-1/2

[Event "2. Magistral Ciudad de Asunción 2009"]
[Site "Asunción PAR"]
[Date "2009.07.02"]
[Round "5.5"]
[White "Cubas, Jose Fernando"]
[Black "Coelho, Luis Henrique"]
[Result "1-0"]
[WhiteElo "2434"]
[BlackElo "2398"]
[PlyCount "63"]
[EventDate "2009.06.28"]
[EventType "tourn"]
[EventRounds "9"]
[EventCountry "PAR"]
[EventCategory "8"]
[Source "lmi"]
[SourceDate "2009.06.28"]

1. e4 c5 2. Nf3 Nc6 3. d4 cxd4 4. Nxd4 Nf6 5. Nc3 d6 6. f3 e6 7. Be3 Be7 8. Qd2
O-O 9. g4 d5 10. g5 Nxd4 11. Qxd4 Nh5 12. Rg1 dxe4 13. Qxe4 g6 14. Rg2 Qc7 15.
O-O-O Bd7 16. Bb5 Bc6 17. Bxc6 bxc6 18. Rgd2 Rfd8 19. f4 Rxd2 20. Rxd2 Rd8 21.
Rxd8+ Bxd8 22. Ne2 Qa5 23. c3 Bb6 24. Nd4 Qxa2 25. Qxc6 Qa1+ 26. Kc2 Qf1 27.
Qa8+ Kg7 28. Qe4 Qh3 29. b4 Qxh2+ 30. Kb3 Ng3 31. Qe5+ Kg8 32. f5 1-0

[Event "2. Magistral Ciudad de Asunción 2009"]
[Site "Asunción PAR"]
[Date "2009.07.03"]
[Round "6.1"]
[White "Cornejo, Max"]
[Black "Coelho, Luis Henrique"]
[Result "1/2-1/2"]
[WhiteElo "2383"]
[BlackElo "2398"]
[PlyCount "110"]
[EventDate "2009.06.28"]
[EventType "tourn"]
[EventRounds "9"]
[EventCountry "PAR"]
[EventCategory "8"]
[Source "lmi"]
[SourceDate "2009.06.28"]

1. e4 c5 2. Nf3 Nc6 3. c3 Nf6 4. e5 Nd5 5. d4 cxd4 6. cxd4 d6 7. Bc4 Nb6 8. Bb5
dxe5 9. Nxe5 Bd7 10. Nxd7 Qxd7 11. Nc3 e6 12. O-O Be7 13. Qg4 O-O 14. Bxc6 bxc6
15. Bh6 Bf6 16. Rfd1 Kh8 17. Ne4 Qd8 18. Bf4 Nd5 19. Nxf6 Qxf6 20. Be5 Qg6 21.
Qxg6 hxg6 22. Rac1 Rac8 23. a3 Rfd8 24. b4 f6 25. Bg3 Kg8 26. Kf1 Kf7 27. Ke2
Rd7 28. f3 Ke8 29. Rd2 Ne7 30. Bf2 Rd5 31. Rc5 Rxc5 32. dxc5 Nd5 33. Be1 Ke7
34. Rb2 a6 35. Bd2 e5 36. a4 Kd7 37. h3 Rh8 38. Be1 f5 39. Rd2 Rb8 40. Rb2 e4
41. fxe4 Re8 42. Kf2 fxe4 43. g3 Rf8+ 44. Ke2 Rf3 45. b5 axb5 46. axb5 cxb5 47.
Rxb5 Kc6 48. Ra5 Rb3 49. Ra6+ Kxc5 50. Rxg6 Rb2+ 51. Kd1 Rb7 52. Ke2 Kd4 53.
Bf2+ Ke5 54. Rg5+ Ke6 55. Bd4 Nf6 1/2-1/2

[Event "2. Magistral Ciudad de Asunción 2009"]
[Site "Asunción PAR"]
[Date "2009.07.03"]
[Round "6.3"]
[White "Vera, Reinaldo"]
[Black "Lujan, Carolina"]
[Result "1-0"]
[WhiteElo "2475"]
[BlackElo "2360"]
[PlyCount "145"]
[EventDate "2009.06.28"]
[EventType "tourn"]
[EventRounds "9"]
[EventCountry "PAR"]
[EventCategory "8"]
[Source "lmi"]
[SourceDate "2009.06.28"]

1. d4 Nf6 2. c4 g6 3. Nc3 d5 4. Bf4 Bg7 5. e3 O-O 6. Nf3 c5 7. dxc5 Qa5 8. Rc1
dxc4 9. Bxc4 Qxc5 10. Bb3 Nc6 11. O-O Qa5 12. h3 Bf5 13. Ng5 e5 14. Bg3 Qb4 15.
e4 Rad8 16. Qe1 Bc8 17. Nd5 Qxe1 18. Rfxe1 Nxd5 19. Bxd5 Nb4 20. Bc4 h6 21. Nf3
Rfe8 22. Red1 Nc6 23. Bd5 Be6 24. Bxe6 Rxd1+ 25. Rxd1 Rxe6 26. Rd7 b6 27. Kf1
Bf8 28. Nd2 Rd6 29. Rxd6 Bxd6 30. Nc4 Bc7 31. Ne3 Bd6 32. f3 Kf8 33. Nd5 f5 34.
Bf2 Kf7 35. Ke2 Ke6 36. a4 fxe4 37. fxe4 Bc5 38. Bxc5 bxc5 39. Kd3 Kd6 40. Kc4
Nd4 41. g4 Nf3 42. Kb5 Ng5 43. Nc3 Nxh3 44. Ka6 h5 45. gxh5 gxh5 46. Kxa7 h4
47. Kb6 Nf2 48. a5 h3 49. a6 h2 50. a7 h1=Q 51. a8=Q Ke7 52. Qc6 Qh4 53. Qxc5+
Kf7 54. Qxe5 Ng4 55. Qf4+ Kg8 56. Nd5 Kg7 57. b4 Qh5 58. Qf5 Qh6+ 59. Kb7 Qh4
60. b5 Nh6 61. Qe5+ Kg8 62. Qe8+ Kg7 63. Qe7+ Qxe7+ 64. Nxe7 Nf7 65. Kc7 Ng5
66. b6 Ne6+ 67. Kd6 Nd8 68. Nc6 Nb7+ 69. Kc7 Nc5 70. b7 Kf6 71. b8=Q Na6+ 72.
Kc8 Nxb8 73. Kxb8 1-0

[Event "2. Magistral Ciudad de Asunción 2009"]
[Site "Asunción PAR"]
[Date "2009.07.03"]
[Round "6.4"]
[White "Rodriguez Vila, Andres"]
[Black "Brito, Luismar"]
[Result "1/2-1/2"]
[WhiteElo "2524"]
[BlackElo "2364"]
[PlyCount "72"]
[EventDate "2009.06.28"]
[EventType "tourn"]
[EventRounds "9"]
[EventCountry "PAR"]
[EventCategory "8"]
[Source "lmi"]
[SourceDate "2009.06.28"]

1. d4 Nf6 2. Bg5 c6 3. Bxf6 gxf6 4. c3 d5 5. Nf3 Bg4 6. Nbd2 Nd7 7. Qc2 e6 8.
e3 Bf5 9. e4 dxe4 10. Nxe4 Qc7 11. Bd3 Qf4 12. Nfd2 Bxe4 13. Bxe4 f5 14. g3 Qc7
15. Bg2 Be7 16. O-O-O O-O-O 17. c4 Bf6 18. Nb3 h5 19. Kb1 Kb8 20. Qe2 h4 21.
Rc1 hxg3 22. hxg3 a5 23. Rxh8 Rxh8 24. d5 a4 25. dxc6 axb3 26. cxd7 bxa2+ 27.
Kxa2 Qxd7 28. c5 Qa4+ 29. Kb1 Kc7 30. c6 b5 31. Qd1 Qxd1 32. Rxd1 Rd8 33. Rxd8
Kxd8 34. Bf1 Bd4 35. f3 Kc7 36. Bxb5 Be5 1/2-1/2

[Event "2. Magistral Ciudad de Asunción 2009"]
[Site "Asunción PAR"]
[Date "2009.07.05"]
[Round "7.3"]
[White "Lujan, Carolina"]
[Black "Rodriguez Vila, Andres"]
[Result "0-1"]
[WhiteElo "2360"]
[BlackElo "2524"]
[PlyCount "70"]
[EventDate "2009.06.28"]
[EventType "tourn"]
[EventRounds "9"]
[EventCountry "PAR"]
[EventCategory "8"]
[Source "lmi"]
[SourceDate "2009.06.28"]

1. e4 e6 2. d3 d5 3. Qe2 Nf6 4. Nf3 dxe4 5. dxe4 b6 6. Nbd2 Be7 7. e5 Nd5 8. c4
Nb4 9. Ne4 Bb7 10. Bf4 Nd7 11. a3 Bxe4 12. axb4 Bxb4+ 13. Bd2 Bxf3 14. gxf3
Bxd2+ 15. Qxd2 Nxe5 16. Qxd8+ Rxd8 17. Rxa7 Nxf3+ 18. Ke2 Nd4+ 19. Ke3 Nc2+ 20.
Kf3 c5 21. Be2 O-O 22. Rb7 Rd2 23. Bf1 Nd4+ 24. Kg2 Rxb2 25. Bd3 Rb3 26. Rd1 g6
27. h4 h5 28. Be4 f5 29. Bc2 Rb2 30. Ra1 Rf7 31. Rb8+ Kg7 32. Bd1 Nc6 33. Rc8
Ne5 34. Raa8 Nxc4 35. Ba4 b5 0-1

[Event "2. Magistral Ciudad de Asunción 2009"]
[Site "Asunción PAR"]
[Date "2009.07.05"]
[Round "7.4"]
[White "Cubas, Jose Fernando"]
[Black "Vera, Reinaldo"]
[Result "1-0"]
[WhiteElo "2434"]
[BlackElo "2475"]
[PlyCount "79"]
[EventDate "2009.06.28"]
[EventType "tourn"]
[EventRounds "9"]
[EventCountry "PAR"]
[EventCategory "8"]
[Source "lmi"]
[SourceDate "2009.06.28"]

1. e4 c5 2. Nf3 d6 3. d4 cxd4 4. Nxd4 Nf6 5. Nc3 a6 6. f3 e6 7. Be3 b5 8. g4 h6
9. Qd2 b4 10. Nce2 e5 11. Nf5 d5 12. exd5 Qxd5 13. O-O-O Be6 14. Bg2 Nbd7 15.
Qxd5 Bxd5 16. Rhg1 g6 17. Nfg3 Rc8 18. Kb1 Bc5 19. Bxc5 Nxc5 20. h4 Rd8 21.
Rde1 O-O 22. g5 hxg5 23. hxg5 Nh7 24. f4 Bxg2 25. Rxg2 exf4 26. Nxf4 Rfe8 27.
Rh1 Nxg5 28. a3 a5 29. Ka2 Nge6 30. Nfh5 Nd7 31. Nf5 Rb8 32. Nh6+ Kf8 33. Rf1
Ne5 34. Rxg6 Ke7 35. Rg2 Rh8 36. Nf5+ Kf8 37. Nf6 bxa3 38. b3 a4 39. Rh1 axb3+
40. cxb3 1-0

[Event "2. Magistral Ciudad de Asunción 2009"]
[Site "Asunción PAR"]
[Date "2009.07.06"]
[Round "8.1"]
[White "Cornejo, Max"]
[Black "Soppe, Guillermo"]
[Result "0-1"]
[WhiteElo "2383"]
[BlackElo "2427"]
[PlyCount "124"]
[EventDate "2009.06.28"]
[EventType "tourn"]
[EventRounds "9"]
[EventCountry "PAR"]
[EventCategory "8"]
[Source "lmi"]
[SourceDate "2009.06.28"]

1. e4 Nf6 2. e5 Nd5 3. d4 d6 4. c4 Nb6 5. exd6 exd6 6. Nc3 Be7 7. Bd3 Nc6 8.
Nge2 Bg4 9. f3 Bh5 10. O-O Bg6 11. b3 O-O 12. Be3 Re8 13. Bxg6 hxg6 14. Qd2 Bf6
15. Rae1 d5 16. c5 Nc8 17. Bf2 b6 18. Ng3 Rxe1 19. Rxe1 N8e7 20. Rc1 Qd7 21.
Nce2 Nd8 22. a4 Ne6 23. Qd3 a6 24. f4 b5 25. f5 Nxf5 26. Nxf5 gxf5 27. c6 Qd6
28. axb5 axb5 29. Qxb5 Ra2 30. Rf1 Rc2 31. Qd3 Qxc6 32. Be3 Rb2 33. Rxf5 Qc2
34. Qxc2 Rxc2 35. Rf2 c6 36. Kf1 Rb2 37. Rf3 Rxb3 38. Ke1 Rb4 39. Kd1 Bxd4 40.
Bd2 Rb1+ 41. Kc2 Rb7 42. Ra3 Be5 43. g3 c5 44. Nf4 Bxf4 45. gxf4 Nd4+ 46. Kc1
Nb3+ 47. Kc2 Nxd2 48. Kxd2 Rb4 49. Ra8+ Kh7 50. Ke3 Rb3+ 51. Kf2 Rb2+ 52. Kg3
c4 53. f5 c3 54. Rc8 d4 55. Rc7 f6 56. h4 Rd2 57. Kg4 c2 58. Kh5 Rf2 59. Rc5
Rxf5+ 60. Rxf5 g6+ 61. Kg4 gxf5+ 62. Kh5 Kh8 0-1

[Event "2. Magistral Ciudad de Asunción 2009"]
[Site "Asunción PAR"]
[Date "2009.07.06"]
[Round "8.2"]
[White "Vera, Reinaldo"]
[Black "Coelho, Luis Henrique"]
[Result "1-0"]
[WhiteElo "2475"]
[BlackElo "2398"]
[PlyCount "65"]
[EventDate "2009.06.28"]
[EventType "tourn"]
[EventRounds "9"]
[EventCountry "PAR"]
[EventCategory "8"]
[Source "lmi"]
[SourceDate "2009.06.28"]

1. d4 d5 2. c4 c6 3. Nc3 Nf6 4. e3 e6 5. Nf3 Nbd7 6. Bd3 dxc4 7. Bxc4 b5 8. Bd3
Bb7 9. O-O a6 10. e4 c5 11. d5 Qc7 12. dxe6 fxe6 13. Bc2 c4 14. Qe2 Bd6 15. Nd4
Nc5 16. f4 e5 17. Ndxb5 axb5 18. Nxb5 Qb6 19. Nxd6+ Qxd6 20. fxe5 Qxe5 21. Rf5
Qe7 22. Qxc4 Rc8 23. Qb5+ Ncd7 24. Qxb7 Rxc2 25. Ra5 Qd6 26. Be3 Qd3 27. Ra3
Qe2 28. e5 Rxb2 29. Qc6 Rc2 30. Qe6+ Kd8 31. Ra8+ Kc7 32. Qd6+ Kb7 33. Rb1+ 1-0

[Event "2. Magistral Ciudad de Asunción 2009"]
[Site "Asunción PAR"]
[Date "2009.07.06"]
[Round "8.3"]
[White "Rodriguez Vila, Andres"]
[Black "Cubas, Jose Fernando"]
[Result "1/2-1/2"]
[WhiteElo "2524"]
[BlackElo "2434"]
[PlyCount "92"]
[EventDate "2009.06.28"]
[EventType "tourn"]
[EventRounds "9"]
[EventCountry "PAR"]
[EventCategory "8"]
[Source "lmi"]
[SourceDate "2009.06.28"]

1. Nf3 d5 2. e3 Nf6 3. b3 c5 4. Bb2 g6 5. c4 dxc4 6. Bxc4 Bg7 7. O-O O-O 8. d4
cxd4 9. Nxd4 a6 10. Nc3 b5 11. Be2 Bb7 12. Bf3 Ra7 13. Bxb7 Rxb7 14. Qf3 Rd7
15. Rfd1 Qb6 16. b4 Rfd8 17. a3 h5 18. h3 Rd6 19. a4 e5 20. a5 Qc7 21. Ndxb5
axb5 22. Nxb5 Rxd1+ 23. Rxd1 Rxd1+ 24. Qxd1 Qb7 25. Bxe5 Nc6 26. Bxf6 Bxf6 27.
Qa4 Qa6 28. Nd6 Be7 29. Nxf7 Qc4 30. Ne5 Qc1+ 31. Kh2 Bd6 32. f4 Qxe3 33. Qa2+
Kh8 34. Nxg6+ Kg7 35. Qd5 Bxf4+ 36. Nxf4 Qxf4+ 37. Kg1 Qe3+ 38. Kf1 Nd4 39.
Qxh5 Qf4+ 40. Kg1 Qe3+ 41. Kf1 Qc1+ 42. Kf2 Qf4+ 43. Kg1 Qe3+ 44. Kh2 Qf4+ 45.
Kg1 Qe3+ 46. Kh2 Qf4+ 1/2-1/2

[Event "2. Magistral Ciudad de Asunción 2009"]
[Site "Asunción PAR"]
[Date "2009.07.06"]
[Round "8.4"]
[White "Zambrana, Oswaldo"]
[Black "Lujan, Carolina"]
[Result "1/2-1/2"]
[WhiteElo "2473"]
[BlackElo "2360"]
[PlyCount "157"]
[EventDate "2009.06.28"]
[EventType "tourn"]
[EventRounds "9"]
[EventCountry "PAR"]
[EventCategory "8"]
[Source "lmi"]
[SourceDate "2009.06.28"]

1. e4 c5 2. Nf3 Nc6 3. d4 cxd4 4. Nxd4 Nf6 5. Nc3 e5 6. Ndb5 d6 7. Bg5 a6 8.
Na3 b5 9. Nd5 Be7 10. Bxf6 Bxf6 11. c3 Bg5 12. Nc2 Rb8 13. h4 Bh6 14. a4 bxa4
15. Ncb4 Bd7 16. Bxa6 Nxb4 17. cxb4 Bc6 18. Rxa4 O-O 19. b5 Bxb5 20. Bxb5 Rxb5
21. b4 Rb7 22. Qb3 Kh8 23. b5 f5 24. b6 Qc8 25. Rc4 Qa8 26. O-O fxe4 27. Rxe4
Rxb6 28. Qxb6 Qxd5 29. Ree1 e4 30. Rd1 Qf5 31. Qxd6 e3 32. fxe3 Bxe3+ 33. Kh2
Bf2 34. Kh1 h6 35. Qe7 Qc5 36. Qe4 Bg3 37. Rxf8+ Qxf8 38. h5 Bc7 39. Re1 Qd6
40. Qh4 Qf4 41. Qh3 Be5 42. Rd1 Qe4 43. Rd8+ Kh7 44. Qd3 Qxd3 45. Rxd3 Bf6 46.
Kh2 Be5+ 47. Kh3 Bf6 48. Kg4 Bb2 49. Kf5 Bf6 50. g4 Bg5 51. Rd6 Bc1 52. Rc6 Bg5
53. Ke6 Be3 54. Kf7 Bd4 55. Rd6 Bc3 56. Rd8 Be5 57. Rc8 Bb2 58. Rc6 Bd4 59. Rg6
Bb2 60. Ke6 Bc3 61. g5 hxg5 62. Kf5 Bd2 63. Rd6 Bc1 64. Rc6 Bb2 65. Rc2 Bd4 66.
h6 gxh6 67. Rc7+ Kg8 68. Rc4 Be3 69. Kg6 Kf8 70. Kf6 Kg8 71. Rc8+ Kh7 72. Rc7+
Kg8 73. Rg7+ Kf8 74. Rf7+ Kg8 75. Kg6 Bf4 76. Rf5 h5 77. Kxh5 Kg7 78. Kg4 Kg6
79. Rxg5+ 1/2-1/2

[Event "2. Magistral Ciudad de Asunción 2009"]
[Site "Asunción PAR"]
[Date "2009.07.06"]
[Round "8.5"]
[White "Bachmann, Axel"]
[Black "Brito, Luismar"]
[Result "1-0"]
[WhiteElo "2555"]
[BlackElo "2364"]
[PlyCount "107"]
[EventDate "2009.06.28"]
[EventType "tourn"]
[EventRounds "9"]
[EventCountry "PAR"]
[EventCategory "8"]
[Source "lmi"]
[SourceDate "2009.06.28"]

1. e4 c5 2. Nf3 d6 3. d4 cxd4 4. Nxd4 Nf6 5. Nc3 a6 6. h3 Nc6 7. g4 e6 8. Bg2
Qc7 9. f4 Be7 10. Be3 Nd7 11. O-O Nxd4 12. Qxd4 Bf6 13. Qd3 Nb6 14. e5 dxe5 15.
Ne4 Be7 16. fxe5 O-O 17. Kh1 Nd5 18. Bd4 Nb4 19. Qg3 Nc6 20. Bc3 f6 21. exf6
Qxg3 22. fxe7 Rxf1+ 23. Rxf1 Qxg2+ 24. Kxg2 Nxe7 25. Bb4 Ng6 26. Kg3 a5 27. Bd6
Bd7 28. Nc5 Bc6 29. Nxe6 Re8 30. Nd4 Bd5 31. b3 Re3+ 32. Kh2 h6 33. Bg3 Re4 34.
c3 Re3 35. c4 Bf7 36. Rf3 Rxf3 37. Nxf3 a4 38. Bd6 axb3 39. axb3 Be8 40. Nd4
Kf7 41. Kg3 Ne7 42. Bxe7 Kxe7 43. Kf4 Kf6 44. Ke4 h5 45. gxh5 Bxh5 46. h4 Bf7
47. c5 Bg6+ 48. Kd5 Bd3 49. b4 Bf1 50. Kd6 Bg2 51. b5 Kg6 52. b6 Kf6 53. c6 g6
54. Kc7 1-0

[Event "2. Magistral Ciudad de Asunción 2009"]
[Site "Asunción PAR"]
[Date "2009.07.07"]
[Round "9.1"]
[White "Brito, Luismar"]
[Black "Cornejo, Max"]
[Result "0-1"]
[WhiteElo "2364"]
[BlackElo "2383"]
[PlyCount "72"]
[EventDate "2009.06.28"]
[EventType "tourn"]
[EventRounds "9"]
[EventCountry "PAR"]
[EventCategory "8"]
[Source "lmi"]
[SourceDate "2009.06.28"]

1. e4 c5 2. Nf3 Nc6 3. Nc3 g6 4. d4 cxd4 5. Nxd4 Bg7 6. Be3 Nf6 7. Bc4 O-O 8.
Bb3 a5 9. f3 d5 10. Nxc6 bxc6 11. O-O Ba6 12. Rf2 e6 13. Rd2 Qc7 14. exd5 cxd5
15. Qe1 Nd7 16. Nd1 Nb6 17. c3 a4 18. Bc2 Nc4 19. Rf2 Nxe3 20. Qxe3 Be5 21. Kh1
Bf4 22. Qd4 Bxh2 23. f4 e5 24. Qxe5 Qxe5 25. fxe5 Bxe5 26. Bxa4 d4 27. cxd4
Bxd4 28. Rd2 Rad8 29. Bc6 Rd6 30. Bf3 g5 31. g4 f5 32. Nc3 Rh6+ 33. Kg2 Be3 34.
Rd7 fxg4 35. Bd5+ Kh8 36. Ne4 Be2 0-1

[Event "2. Magistral Ciudad de Asunción 2009"]
[Site "Asunción PAR"]
[Date "2009.07.07"]
[Round "9.2"]
[White "Lujan, Carolina"]
[Black "Bachmann, Axel"]
[Result "0-1"]
[WhiteElo "2360"]
[BlackElo "2555"]
[PlyCount "142"]
[EventDate "2009.06.28"]
[EventType "tourn"]
[EventRounds "9"]
[EventCountry "PAR"]
[EventCategory "8"]
[Source "lmi"]
[SourceDate "2009.06.28"]

1. e4 c5 2. Nf3 Nc6 3. d4 cxd4 4. Nxd4 e6 5. Nc3 Qc7 6. Be2 Nf6 7. O-O a6 8.
Kh1 b5 9. Nxc6 dxc6 10. f4 Bb7 11. e5 Rd8 12. Qe1 Nd5 13. Bd2 Nb4 14. Nxb5 cxb5
15. Bxb4 Bxb4 16. Qxb4 Qxc2 17. Rf2 Qa4 18. Qxa4 bxa4 19. h3 O-O 20. Bf3 Bxf3
21. Rxf3 Rd2 22. Ra3 Rd4 23. Rf1 Rb8 24. Rf2 h5 25. g3 Rbb4 26. Rc3 h4 27. Kg2
hxg3 28. Kxg3 Rd5 29. h4 Rdb5 30. Rcc2 Kh7 31. Kf3 a5 32. Rcd2 Rb6 33. Rc2 a3
34. bxa3 Ra4 35. Rc3 Rb1 36. Kg2 Rd1 37. Rg3 Rdd4 38. Rgf3 Re4 39. Kh3 Kh6 40.
Kg2 Kh5 41. Kh3 Re1 42. Kg2 g6 43. Rc3 Kg4 44. Rcf3 Kxh4 45. Rh3+ Kg4 46. Rg3+
Kf5 47. Rg5+ Ke4 48. Rg3 Rc4 49. Kh3 Re3 50. Kg4 Rxg3+ 51. Kxg3 Kf5 52. Rf3 Rd4
53. Rb3 Rxf4 54. Rb7 Rg4+ 55. Kf3 Ra4 56. Rxf7+ Kxe5 57. Kg2 Rxa3 58. Rf2 g5
59. Re2+ Kf5 60. Rf2+ Ke4 61. Rd2 Re3 62. Rc2 Kf5 63. Rc5+ Re5 64. Rc2 g4 65.
Kg3 Re3+ 66. Kg2 e5 67. Rf2+ Ke4 68. Rb2 Kf4 69. Rf2+ Rf3 70. Rc2 e4 71. Rd2 g3
0-1

[Event "2. Magistral Ciudad de Asunción 2009"]
[Site "Asunción PAR"]
[Date "2009.07.07"]
[Round "9.3"]
[White "Cubas, Jose Fernando"]
[Black "Zambrana, Oswaldo"]
[Result "1/2-1/2"]
[WhiteElo "2434"]
[BlackElo "2473"]
[PlyCount "107"]
[EventDate "2009.06.28"]
[EventType "tourn"]
[EventRounds "9"]
[EventCountry "PAR"]
[EventCategory "8"]
[Source "lmi"]
[SourceDate "2009.06.28"]

1. e4 c5 2. Nc3 Nc6 3. f4 g6 4. Nf3 Bg7 5. Bb5 a6 6. Bxc6 bxc6 7. d3 Nf6 8. O-O
O-O 9. Qe1 d6 10. Qh4 c4 11. dxc4 d5 12. e5 Ne4 13. Be3 Rb8 14. Nxe4 dxe4 15.
Nd4 Qc7 16. b3 f6 17. Rad1 c5 18. Ne2 Qa5 19. a4 Be6 20. exf6 Bxf6 21. Qf2 Rbc8
22. Bd2 Qc7 23. Qe3 Bg4 24. Qxe4 Bf5 25. Qf3 Rfd8 26. Bc3 Bxc2 27. Rxd8+ Qxd8
28. Bxf6 exf6 29. Qc3 Qd3 30. Qxd3 Bxd3 31. Re1 Re8 32. Kf2 a5 33. Nc1 Rxe1 34.
Kxe1 Be4 35. Kd2 Kf7 36. g3 Ke6 37. Ke3 Bc2 38. Kd2 Be4 39. Ne2 Bf3 40. Nc3 h5
41. Ke3 Bc6 42. Ne2 Bd7 43. f5+ Kxf5 44. Nf4 Kg4 45. Nxg6 Bf5 46. Nf4 Bc2 47.
h3+ Kxg3 48. Nxh5+ Kxh3 49. Nxf6 Bxb3 50. Ne4 Bxc4 51. Nxc5 Bf7 52. Kd4 Be8 53.
Kd5 Bxa4 54. Nxa4 1/2-1/2

[Event "2. Magistral Ciudad de Asunción 2009"]
[Site "Asunción PAR"]
[Date "2009.07.07"]
[Round "9.4"]
[White "Coelho, Luis Henrique"]
[Black "Rodriguez Vila, Andres"]
[Result "1/2-1/2"]
[WhiteElo "2398"]
[BlackElo "2524"]
[PlyCount "37"]
[EventDate "2009.06.28"]
[EventType "tourn"]
[EventRounds "9"]
[EventCountry "PAR"]
[EventCategory "8"]
[Source "lmi"]
[SourceDate "2009.06.28"]

1. d4 e6 2. c4 Nf6 3. g3 Bb4+ 4. Bd2 Bxd2+ 5. Qxd2 d5 6. Nf3 dxc4 7. Bg2 Nbd7
8. Na3 Nb6 9. O-O O-O 10. Rac1 Ne4 11. Qc2 Nd6 12. Ne5 f6 13. Nexc4 Ndxc4 14.
Nxc4 Qxd4 15. Nxb6 axb6 16. Rfd1 Qc5 17. Qxc5 bxc5 18. Rxc5 c6 19. a3 1/2-1/2

[Event "2. Magistral Ciudad de Asunción 2009"]
[Site "Asunción PAR"]
[Date "2009.07.07"]
[Round "9.5"]
[White "Soppe, Guillermo"]
[Black "Vera, Reinaldo"]
[Result "1/2-1/2"]
[WhiteElo "2427"]
[BlackElo "2475"]
[PlyCount "27"]
[EventDate "2009.06.28"]
[EventType "tourn"]
[EventRounds "9"]
[EventCountry "PAR"]
[EventCategory "8"]
[Source "lmi"]
[SourceDate "2009.06.28"]

1. d4 Nf6 2. Nf3 g6 3. Bg5 Bg7 4. Nbd2 d5 5. e3 O-O 6. Be2 c5 7. c3 Nbd7 8. O-O
Re8 9. Rc1 e5 10. dxe5 Nxe5 11. Nxe5 Rxe5 12. Nf3 Re8 13. Qa4 Bd7 14. Bb5
1/2-1/2